[Event "Bengaluru Karnataka op"]
[Site "Bengaluru"]
[Date "2018.04.17"]
[Round "7"]
[White "Stany, George Anthony"]
[Black "Santoshkashyap, HG."]
[Result "1-0"]
[WhiteElo "2493"]
[BlackElo "1929"]
[PlyCount "47"]
[EventDate "2018.04.14"]
[EventType "swiss"]
[EventRounds "10"]
[EventCountry "IND"]
[SourceTitle "CBM 184 Extra"]
[Source "ChessBase"]
[SourceDate "2018.06.28"]
[SourceVersion "1"]
[SourceVersionDate "2018.06.28"]
[SourceQuality "1"]

1. f4 d5 2. Nf3 Nf6 3. g3 g6 4. Bg2 Bg7 5. 0-0 0-0 6. d3 c5 7. c3 Nc6 8. Na3 h6 9. Nc2 d4 10. e4 dxc3 11. bxc3 c4 12. e5 Nd5 13. dxc4 Nxc3 14. Qe1 Qd3 15. Rf2 Na4 16. Ba3 Bf5 17. Bf1 Qc3 18. Qxc3 Nxc3 19. Ncd4 Nxd4 20. Nxd4 Rfe8 21. Rc1 Na4 22. Nxf5 gxf5 23. c5 a6 24. Bg2 1-0

[Event "IND-chT 33rd"]
[Site "Hyderabad"]
[Date "2013.02.21"]
[Round "2.3"]
[White "Santoshkashyap, HG."]
[Black "Swayams, Mishra"]
[Result "0-1"]
[WhiteElo "2044"]
[BlackElo "2410"]
[PlyCount "100"]
[EventDate "2013.02.20"]
[EventType "team-swiss"]
[EventRounds "9"]
[EventCountry "IND"]
[SourceTitle "CBM 153 Extra"]
[Source "ChessBase"]
[SourceDate "2013.04.22"]
[SourceVersion "1"]
[SourceVersionDate "2013.04.22"]
[SourceQuality "1"]
[WhiteTeam "Karnataka Silicos"]
[BlackTeam "Airports Authority"]
[WhiteTeamCountry "IND"]
[BlackTeamCountry "IND"]

1. d4 e6 2. Nf3 Nf6 3. c4 b6 4. a3 Bb7 5. Nc3 d5 6. cxd5 exd5 7. Bg5 Be7 8. e3 0-0 9. Bd3 h6 10. Bh4 Nbd7 11. 0-0 Ne4 12. Bxe7 Qxe7 13. Rc1 c6 14. Qe2 Rae8 15. Rfe1 f5 16. Nd2 Qf6 17. f4 Nxd2 18. Qxd2 Re7 19. Ne2 Rfe8 20. Ng3 g6 21. b4 Re6 22. Nf1 Qe7 23. h3 Nf6 24. Qb2 Bc8 25. Kh2 Kh7 26. Rc2 Bd7 27. Qb3 Kh8 28. g3 h5 29. Rec1 b5 30. Qc3 Rb8 31. Rg2 Rb6 32. Bc2 Rb8 33. Ra1 Ne8 34. Re1 Nd6 35. Bd3 Re8 36. Rge2 Rf6 37. Nd2 Ne4 38. Bxe4 fxe4 39. h4 Ra8 40. Nb3 Qe6 41. Rg2 Qh3+ 42. Kg1 Bg4 43. Qd2 Bf3 44. Rh2 Qxg3+ 45. Kf1 Raf8 46. Qf2 Qg4 47. Qg1 Qc8 48. Qg5 Kh7 49. Rc1 Bg4 50. Na5 Qd7 0-1

[Event "Thailand op 11th"]
[Site "Pattaya"]
[Date "2011.04.12"]
[Round "3"]
[White "Santoshkashyap, HG."]
[Black "Vospernik, Andrej"]
[Result "0-1"]
[WhiteElo "2003"]
[BlackElo "2205"]
[PlyCount "68"]
[EventDate "2011.04.11"]
[EventType "swiss"]
[EventRounds "9"]
[EventCountry "THA"]
[SourceTitle "CBM 141 Extra"]
[Source "ChessBase"]
[SourceDate "2011.05.03"]
[SourceVersion "1"]
[SourceVersionDate "2011.05.03"]
[SourceQuality "1"]

1. d4 Nf6 2. Nf3 c5 3. d5 d6 4. c4 g6 5. Nc3 e5 6. e4 Bg7 7. Be2 0-0 8. 0-0 Nh5 9. Re1 Nf4 10. Bf1 f5 11. Bxf4 exf4 12. e5 dxe5 13. Nxe5 Nd7 14. Nd3 g5 15. Qh5 b6 16. h4 h6 17. hxg5 hxg5 18. d6 Qf6 19. Nd5 Qh6 20. Qf3 Ba6 21. Nc7 Nf6 22. Qh3 Qxh3 23. gxh3 Bxc4 24. Nxa8 Rxa8 25. Ne5 Bxf1 26. Kxf1 Ne4 27. f3 Nxd6 28. Rad1 Bxe5 29. Rxe5 Nc4 30. Rde1 Nxe5 31. Rxe5 Rf8 32. Ke2 Kg7 33. Kd3 Kf6 34. Rd5 Ke6 0-1